Every Pentatonix Christmas Song - Statistics

General Stats
  • This quiz has been taken 14 times
  • The average score is 40 of 119
Answer Stats
Album Song % Correct
That's Christmas To Me (Deluxe Edition) | The Best Of Pentatonix Christmas Mary, Did You Know?
83%
Holidays Around the World | That's Christmas To Me (Deluxe Edition) Silent Night
83%
The Best Of Pentatonix Christmas Carol of the Bells
67%
Holidays Around the World Jingle Bells
67%
Christmas Is Here! Jingle Bells (with Orchestra)
67%
The Best Of Pentatonix Christmas Little Drummer Boy
67%
A Pentatonix Christmas Deluxe O Come, All Ye Faithful
67%
White Christmas O Holy Night
67%
A Pentatonix Christmas Deluxe White Christmas
67%
A Pentatonix Christmas Deluxe | The Best Of Pentatonix Christmas Deck The Halls
58%
A Pentatonix Christmas Deluxe | The Best Of Pentatonix Christmas Hallelujah
58%
Evergreen I Saw Three Ships
58%
Holidays Around the World Last Christmas
58%
That's Christmas To Me (Deluxe Edition) Santa Claus is Coming to Town
58%
We Need A Little Christmas 12 Days Of Christmas
50%
White Christmas Angels We Have Heard on High
50%
A Pentatonix Christmas Deluxe | The Best Of Pentatonix Christmas God Rest Ye Merry Gentlemen
50%
Holidays Around the World | That's Christmas To Me (Deluxe Edition) Hark! The Herald Angels Sing
50%
White Christmas O Come, O Come Emmanuel
50%
That's Christmas To Me (Deluxe Edition) | The Best Of Pentatonix Christmas That's Christmas to Me
50%
A Pentatonix Christmas Deluxe Up On The Housetop
50%
We Need A Little Christmas We Need A Little Christmas
50%
Evergreen We Wish You A Merry Christmas
50%
Evergreen Evergreen
42%
Evergreen Frosty The Snowman
42%
White Christmas Go Tell It On the Mountain
42%
Christmas Is Here! Sweater Weather
42%
That's Christmas To Me (Deluxe Edition) The First Noel
42%
The Best Of Pentatonix Christmas You're A Mean One, Mr. Grinch
42%
A Pentatonix Christmas Deluxe Away In A Manger
33%
A Pentatonix Christmas Deluxe | The Best Of Pentatonix Christmas Coldest Winter
33%
A Pentatonix Christmas Deluxe Coventry Carol
33%
The Best Of Pentatonix Christmas Do You Hear What I Hear?
33%
Christmas Is Here! | The Best Of Pentatonix Christmas Grown-Up Christmas List
33%
That's Christmas To Me (Deluxe Edition) Have Yourself a Merry Little Christmas
33%
Holidays Around the World | That's Christmas To Me (Deluxe Edition) It's the Most Wonderful Time of the Year
33%
That's Christmas To Me (Deluxe Edition) Let It Go
33%
The Greatest Christmas Hits Pure Imagination / Christmas Time Is Here
33%
We Need A Little Christmas Rudolph The Red-Nosed Reindeer
33%
We Need A Little Christmas Santa Tell Me
33%
White Christmas The Christmas Song (Chestnuts Roasting on an Open Fire)
33%
That's Christmas To Me (Deluxe Edition) | The Best Of Pentatonix Christmas Winter Wonderland / Don't Worry Be Happy
33%
We Need A Little Christmas Amazing Grace (My Chains Are Gone)
25%
Holidays Around the World Christmas In Our Hearts
25%
That's Christmas To Me (Deluxe Edition) | The Best Of Pentatonix Christmas Dance of the Sugar Plum Fairy
25%
Holidays Around the World Feliz Navidad
25%
A Pentatonix Christmas Deluxe Good To Be Bad
25%
Christmas Is Here! Greensleeves (Interlude)
25%
We Need A Little Christmas Happy Holiday / The Holiday Season
25%
White Christmas Home
25%
Evergreen Home For The Holidays
25%
A Pentatonix Christmas Deluxe | The Best Of Pentatonix Christmas How Great Thou Art
25%
Evergreen I Just Called To Say I Love You
25%
A Pentatonix Christmas Deluxe I'll Be Home For Christmas
25%
Evergreen It's Been A Long, Long Time
25%
That's Christmas To Me (Deluxe Edition) Just For Now
25%
The Greatest Christmas Hits Kiss From A Rose
25%
Christmas Is Here! Making Christmas
25%
We Need A Little Christmas My Favorite Things
25%
The Greatest Christmas Hits O Little Town Of Bethlehem
25%
Evergreen Over The River
25%
Holidays Around the World Prayers For This World
25%
Christmas Is Here! Rockin' Around the Christmas Tree
25%
We Need A Little Christmas Seasons of Love
25%
That's Christmas To Me (Deluxe Edition) Sleigh Ride
25%
Evergreen The Prayer
25%
White Christmas This Christmas
25%
Christmas Is Here! Waltz Of The Flowers
25%
Christmas Is Here! What Christmas Means To Me
25%
Christmas Is Here! Where Are You Christmas?
25%
Evergreen Wonderful Christmastime
25%
White Christmas Auld Lang Syne
17%
The Greatest Christmas Hits Children, Go Where I Send Thee
17%
The Greatest Christmas Hits Christmas (Baby Please Come Home)
17%
That's Christmas To Me (Deluxe Edition) Christmas Eve
17%
The Best Of Pentatonix Christmas God Only Knows
17%
Christmas Is Here! | The Best Of Pentatonix Christmas Here Comes Santa Claus
17%
Holidays Around the World Invincible
17%
Evergreen It Came Upon The Midnight Clear
17%
Christmas Is Here! It's Beginning To Look A Lot Like Christmas
17%
We Need A Little Christmas Jingle Bell Pop
17%
The Best Of Pentatonix Christmas Joyful, Joyful
17%
Holidays Around the World Kid On Christmas
17%
A Pentatonix Christmas Deluxe Let It Snow! Let It Snow! Let It Snow!
17%
Evergreen Little Saint Nick
17%
The Greatest Christmas Hits Little Toy Trains
17%
Holidays Around the World Love Came On Christmas
17%
A Pentatonix Christmas Deluxe Merry Christmas, Happy Holidays
17%
Evergreen My Heart With You
17%
White Christmas New Year's Day
17%
We Need A Little Christmas Once Upon A December
17%
The Greatest Christmas Hits Please Santa Please
17%
Evergreen River
17%
We Need A Little Christmas Thank You
17%
A Pentatonix Christmas Deluxe The Christmas Sing-Along
17%
Christmas Is Here! | The Best Of Pentatonix Christmas When You Believe
17%
We Need A Little Christmas When You Wish Upon A Star
17%
White Christmas Imagine
8%
White Christmas Light In The Hallway
8%
Holidays Around the World Star On Top
8%
That's Christmas To Me (Deluxe Edition) | The Best Of Pentatonix Christmas White Winter Hymnal (Fleet Foxes Cover)
8%
That's Christmas To Me (Deluxe Edition) Joy the the World
0%
No matching quizzes found
Score Distribution
Percent of People with Each Score
Percentile by Number Answered
Your Score History
You have not taken this quiz